[Event "34th ECC Women 2018"]
[Site "Porto Carras GRE"]
[Date "2018.10.13"]
[Round "2.1"]
[Board "1"]
[White "Shvayger, Yuliya"]
[Black "Heinemann, Josefine"]
[Result "1-0"]
[WhiteTitle "IM"]
[BlackTitle "WIM"]
[WhiteElo "2375"]
[BlackElo "2308"]
[WhiteTeam "Beer Sheva Chess Club"]
[BlackTeam "Mulhouse Philidor"]
[WhiteFideId "14100126"]
[BlackFideId "12900460"]
[EventDate "2018.10.12"]

1. d4 d5 2. Nf3 Nf6 3. e3 e6 4. Bd3 b6 5. O-O Ba6 6. Bxa6 Nxa6 7. c4 Nb8 8. Nc3
Nbd7 9. Qd3 Be7 10. cxd5 exd5 11. Ne5 O-O 12. Nc6 Qe8 13. Qf5 Bd6 14. Nxd5 Nxd5
15. Qxd5 Nf6 16. Qc4 Qe4 17. f4 Nd5 18. Rf3 b5 19. Qxb5 a6 20. Qb3 Nxf4 21. exf4
Qxc6 22. d5 Qd7 23. Be3 Rfe8 24. Qd3 Re7 25. Bd4 Rae8 26. Raf1 Re4 27. Be5 f5
28. Qxa6 Bxe5 29. fxe5 R4xe5 30. Qc4 Kh8 31. Qc6 Qxc6 32. dxc6 g6 33. b4 Re4 34.
Rb1 Rc4 35. b5 Kg7 36. Rf2 Kf6 37. Rd2 h5 38. Ra1 Ree4 39. Rb2 Red4 40. Re1 h4
41. h3 Rb4 42. Reb1 Rbc4 43. a3 Rd3 44. Ra2 Ra4 45. b6 cxb6 46. Rc2 Rd8 47. c7
Rc8 48. Rxb6+ Ke7 49. Rxg6 Rxa3 50. Rc4 Ra7 51. Rxh4 Kf7 52. Rc6 Kg7 53. Rf4
Raxc7 54. Rxc7+ Rxc7 55. Rxf5 Kg6 56. Rf3 Kg5 57. Kh2 Rc5 58. Kg3 Ra5 59. h4+
Kh5 60. Kh3 Rb5 61. Rc3 Rb6 62. g4+ Kh6 63. Kg3 Ra6 64. h5 Rb6 65. Kh4 Rb7 66.
g5+ Kh7 67. Rc4 Ra7 68. Kg4 Rb7 69. h6 Ra7 70. Kh5 Ra5 71. Rc7+ Kg8 72. Re7 Rb5
73. Kg6 Rb6+ 74. Kf5 Rb5+ 75. Kf6 Rb6+ 76. Re6 Rb8 77. g6 Kh8 78. Rd6 Re8 79.
Kf7 Rf8+ 80. Ke7 Rf7+ 81. gxf7 1-0

[Event "34th ECC Women 2018"]
[Site "Porto Carras GRE"]
[Date "2018.10.13"]
[Round "2.2"]
[Board "3"]
[White "Kumanska, Olena"]
[Black "Richard, Emma"]
[Result "0-1"]
[WhiteTitle "WFM"]
[BlackTitle "WFM"]
[WhiteElo "2054"]
[BlackElo "2127"]
[WhiteTeam "Beer Sheva Chess Club"]
[BlackTeam "Mulhouse Philidor"]
[WhiteFideId "14124360"]
[BlackFideId "657590"]
[EventDate "2018.10.12"]

1. d4 Nf6 2. Nf3 e6 3. Bf4 c5 4. e3 Nc6 5. c3 cxd4 6. exd4 Be7 7. Bd3 d6 8. O-O
O-O 9. Qe2 Re8 10. Bg3 Nh5 11. Nfd2 g6 12. b4 a6 13. a4 f5 14. f4 Bf6 15. Qf2
Nxg3 16. hxg3 e5 17. d5 e4 18. dxc6 exd3 19. Nc4 bxc6 20. Qf3 d5 21. Na5 Qb6+
22. Kh2 Re3 23. Qf2 Bd7 24. Ra2 Rae8 25. Rd2 c5 26. Nb3 cxb4 27. Rxd3 bxc3 28.
a5 Qxb3 29. Rxe3 d4 30. Rxe8+ Bxe8 31. Qf3 Qe6 32. Na3 Bc6 33. Qd1 Qd5 34. Rf2
d3 35. Qb1 d2 0-1

[Event "34th ECC Women 2018"]
[Site "Porto Carras GRE"]
[Date "2018.10.13"]
[Round "2.2"]
[Board "4"]
[White "Neuhauser, Salome"]
[Black "Buzukashvili, Sofia"]
[Result "1-0"]
[WhiteTitle "WFM"]
[WhiteElo "2115"]
[BlackElo "1936"]
[WhiteTeam "Mulhouse Philidor"]
[BlackTeam "Beer Sheva Chess Club"]
[WhiteFideId "662461"]
[BlackFideId "4194837"]
[EventDate "2018.10.12"]

1. e4 c5 2. Nf3 d6 3. d4 cxd4 4. Nxd4 Nf6 5. Nc3 a6 6. Be2 e6 7. Be3 Qc7 8. g4
b5 9. g5 Nfd7 10. a3 Nc5 11. f4 Bb7 12. Bf3 Nc6 13. Nxc6 Qxc6 14. Qe2 O-O-O 15.
O-O-O Kb8 16. Rhf1 Be7 17. f5 e5 18. Nd5 Rhe8 19. f6 gxf6 20. gxf6 Bf8 21. Kb1
a5 22. Qg2 Ba6 23. Be2 Rc8 24. Bg4 Ne6 25. Rf2 Qb7 26. Qh3 Rc4 27. Qxh7 Nc5 28.
Bxc5 Rxc5 29. Bh5 Rec8 30. Qxf7 Qc6 31. c3 b4 32. axb4 axb4 33. Be2 Bxe2 34.
Rxe2 Qa4 35. Rd3 b3 36. Qh5 Ra5 37. Kc1 Qa1+ 38. Kd2 Qxb2+ 39. Ke1 Ra1+ 40. Kf2
Qc1 41. Qg4 b2 42. Ne7 Bxe7 43. fxe7 Qf1+ 44. Kg3 Qf4+ 45. Qxf4 exf4+ 1-0

[Event "34th ECC Women 2018"]
[Site "Porto Carras GRE"]
[Date "2018.10.13"]
[Round "2.2"]
[Board "1"]
[White "Gunina, Valentina"]
[Black "Injac, Teodora"]
[Result "0-1"]
[WhiteTitle "GM"]
[BlackTitle "WIM"]
[WhiteElo "2525"]
[BlackElo "2258"]
[WhiteTeam "Caissa Italia Pentole Agnelli"]
[BlackTeam "ZSK Maribor"]
[WhiteFideId "4167570"]
[BlackFideId "932400"]
[EventDate "2018.10.12"]

1. d4 Nf6 2. Nf3 g6 3. b3 Bg7 4. Bb2 O-O 5. e3 d5 6. c4 c5 7. dxc5 Na6 8. Bd4
Qa5+ 9. Nbd2 Nxc5 10. a3 Nce4 11. b4 Qd8 12. Nxe4 dxe4 13. Nd2 Bf5 14. Be2 h5
15. O-O Qc7 16. Qc2 Rad8 17. Rfd1 Rxd4 18. exd4 e3 19. Bd3 Bxd3 20. Qxd3 exd2
21. Rxd2 Ng4 22. g3 Rd8 23. Re1 Rxd4 24. Qe2 Rxd2 25. Qxd2 Qxc4 26. Rxe7 Bd4 27.
Kg2 Nxf2 28. Qe2 Qc1 29. Qe1 Qc6+ 30. Kf1 Qf3 0-1

[Event "34th ECC Women 2018"]
[Site "Porto Carras GRE"]
[Date "2018.10.13"]
[Round "2.2"]
[Board "2"]
[White "Vidic, Teja"]
[Black "Zimina, Olga"]
[Result "0-1"]
[WhiteTitle "WFM"]
[BlackTitle "IM"]
[WhiteElo "2116"]
[BlackElo "2431"]
[WhiteTeam "ZSK Maribor"]
[BlackTeam "Caissa Italia Pentole Agnelli"]
[WhiteFideId "14605511"]
[BlackFideId "4132190"]
[EventDate "2018.10.12"]

1. e4 c6 2. d4 d5 3. exd5 cxd5 4. c4 Nf6 5. Nc3 g6 6. Qb3 Bg7 7. cxd5 O-O 8. Be2
b6 9. Bf3 Bb7 10. Nge2 Qd7 11. O-O Na6 12. a4 Nc7 13. Nf4 Rab8 14. Re1 Rfd8 15.
a5 bxa5 16. Qa3 Bf8 17. Qxa5 Ncxd5 18. Nd3 Qf5 19. Nc5 Bc6 20. Re5 Qc8 21. Na6
Rb6 22. Nxd5 Bxd5 23. Bxd5 Rxd5 24. Nc5 Rxd4 25. Be3 Rd8 26. Rc1 Ng4 27. Re4
Nxe3 28. fxe3 Rxb2 29. Qa1 Rdd2 30. Ne6 Rxg2+ 31. Kh1 Rxh2+ 32. Kg1 Rbg2+ 33.
Kf1 Rc2 0-1

[Event "34th ECC Women 2018"]
[Site "Porto Carras GRE"]
[Date "2018.10.13"]
[Round "2.2"]
[Board "3"]
[White "Tsolakidou, Stavroula"]
[Black "Mar, Karmen"]
[Result "1-0"]
[WhiteTitle "IM"]
[BlackTitle "WIM"]
[WhiteElo "2393"]
[BlackElo "2107"]
[WhiteTeam "Caissa Italia Pentole Agnelli"]
[BlackTeam "ZSK Maribor"]
[WhiteFideId "4264312"]
[BlackFideId "14603403"]
[EventDate "2018.10.12"]

1. e4 c5 2. Nf3 d6 3. Bb5+ Bd7 4. Bxd7+ Qxd7 5. O-O Nc6 6. c3 Nf6 7. d4 Nxe4 8.
d5 Ne5 9. Re1 Nf6 10. Nxe5 dxe5 11. c4 e6 12. Nc3 O-O-O 13. Bg5 h6 14. Bh4 Be7
15. Qf3 e4 16. Nxe4 Nxe4 17. Bxe7 Qxe7 18. Rxe4 Rd6 19. Rae1 Re8 20. Re5 Ra6 21.
a3 Rb6 22. b4 cxb4 23. c5 Qxc5 24. dxe6 Qf8 25. exf7 Rxe5 26. Rxe5 bxa3 27. Re8+
Kc7 28. g3 a2 29. Qc3+ Rc6 30. Qa5+ Kd7 31. Qd8# 1-0

[Event "34th ECC Women 2018"]
[Site "Porto Carras GRE"]
[Date "2018.10.13"]
[Round "2.3"]
[Board "1"]
[White "Muzychuk, Anna"]
[Black "Mammadzada, Gunay"]
[Result "1-0"]
[WhiteTitle "GM"]
[BlackTitle "IM"]
[WhiteElo "2555"]
[BlackElo "2438"]
[WhiteTeam "Cercle d'Echecs de Monte-Carlo"]
[BlackTeam "Odlar Yurdu"]
[WhiteFideId "14111330"]
[BlackFideId "13403729"]
[EventDate "2018.10.12"]

1. e4 c5 2. Nf3 d6 3. Bb5+ Nd7 4. O-O a6 5. Bd3 Ngf6 6. c3 g6 7. Bc2 Bg7 8. d4
O-O 9. e5 Ne8 10. e6 fxe6 11. Ng5 Nc7 12. dxc5 d5 13. f4 e5 14. Nxh7 Kxh7 15.
Qh5+ Kg8 16. Bxg6 Nf6 17. Qh4 e4 18. f5 Bd7 19. g4 Be8 20. g5 Bxg6 21. fxg6 Nh5
22. Rxf8+ Qxf8 23. Qxh5 Qf5 24. Be3 Ne6 25. Nd2 Nf8 26. Rf1 Qe6 27. Nb3 Nxg6 28.
Nd4 Bxd4 29. Bxd4 Rf8 30. Rf6 Rxf6 31. gxf6 Qf7 32. fxe7 Qe6 33. e8=Q+ Qxe8 34.
Qxd5+ Kh7 35. Qh5+ Kg8 36. Qd5+ Kh7 37. Qxb7+ Kh6 38. Be3+ 1-0

[Event "34th ECC Women 2018"]
[Site "Porto Carras GRE"]
[Date "2018.10.13"]
[Round "2.3"]
[Board "2"]
[White "Mamedjarova, Zeinab"]
[Black "Cramling, Pia"]
[Result "0-1"]
[WhiteTitle "WGM"]
[BlackTitle "GM"]
[WhiteElo "2358"]
[BlackElo "2465"]
[WhiteTeam "Odlar Yurdu"]
[BlackTeam "Cercle d'Echecs de Monte-Carlo"]
[WhiteFideId "13401521"]
[BlackFideId "1700030"]
[EventDate "2018.10.12"]

1. d4 d5 2. e3 Nf6 3. Nf3 g6 4. c4 Bg7 5. Nc3 O-O 6. Be2 b6 7. O-O Bb7 8. Qc2 e6
9. Rd1 Nbd7 10. b3 c6 11. a4 a6 12. e4 Nxe4 13. Nxe4 dxe4 14. Qxe4 Re8 15. Ra2
Qc8 16. Qh4 c5 17. Bh6 Nf6 18. dxc5 bxc5 19. Rad2 Rb8 20. Bf4 Bxf3 21. Bxf3 e5
22. Bg5 e4 23. Be2 Rb6 24. Qf4 Rbe6 25. h3 h5 26. Rd6 Nh7 27. Rd8 Qc6 28. Bh4
Be5 29. Qc1 Rxd8 30. Rxd8+ Kg7 31. Rd5 Nf6 32. Rd1 Nh7 33. Kh1 Bd4 34. Bg3 Qb7
35. Qc2 Nf8 36. Rf1 Rb6 37. Bd1 Qe7 38. Re1 Re6 39. Bf4 f5 40. Qd2 Nh7 41. g4
hxg4 42. hxg4 g5 43. Be3 Bxe3 44. fxe3 f4 45. Bc2 f3 46. Qd5 Rh6+ 47. Kg1 Qc7
48. Qxe4 Qg3+ 0-1

[Event "34th ECC Women 2018"]
[Site "Porto Carras GRE"]
[Date "2018.10.13"]
[Round "2.3"]
[Board "4"]
[White "Mammadova, Gulnar"]
[Black "Cornette, Deimante"]
[Result "1/2-1/2"]
[WhiteTitle "IM"]
[BlackTitle "IM"]
[WhiteElo "2355"]
[BlackElo "2462"]
[WhiteTeam "Odlar Yurdu"]
[BlackTeam "Cercle d'Echecs de Monte-Carlo"]
[WhiteFideId "13403508"]
[BlackFideId "12802859"]
[EventDate "2018.10.12"]

1. e4 c5 2. Nf3 Nc6 3. Bb5 e6 4. O-O Nge7 5. Re1 Nd4 6. Nxd4 cxd4 7. c3 a6 8.
Bf1 Nc6 9. cxd4 Nxd4 10. Nc3 Bc5 11. d3 d6 12. Be3 e5 13. Ne2 Nxe2+ 14. Rxe2 Bg4
15. f3 Bxe3+ 16. Rxe3 Qb6 17. Qd2 Be6 18. d4 Qxd4 19. Qxd4 exd4 20. Rd3 Rc8 21.
Rxd4 Ke7 22. Bd3 Rhd8 23. Kf2 f6 24. h4 h6 25. a3 Rc6 26. Rd1 Rb6 27. Rd2 Rc8
28. Be2 Rc1 29. f4 Rb1 30. b4 Rb3 31. R4d3 1/2-1/2

[Event "34th ECC Women 2018"]
[Site "Porto Carras GRE"]
[Date "2018.10.13"]
[Round "2.5"]
[Board "1"]
[White "Grapsa, Georgia"]
[Black "Batsiashvili, Nino"]
[Result "0-1"]
[WhiteTitle "WFM"]
[BlackTitle "GM"]
[WhiteElo "2085"]
[BlackElo "2482"]
[WhiteTeam "AMO Galaxias Thessaloniki"]
[BlackTeam "Nona"]
[WhiteFideId "4206436"]
[BlackFideId "13602993"]
[EventDate "2018.10.12"]

1. d4 Nf6 2. c4 e6 3. g3 c5 4. Nf3 cxd4 5. Nxd4 d5 6. Bg2 e5 7. Nf3 d4 8. O-O
Nc6 9. e3 Be7 10. exd4 exd4 11. Bf4 O-O 12. Ne5 Qb6 13. Re1 Be6 14. Nd2 Nxe5 15.
Rxe5 a6 16. Ne4 Nxe4 17. Bxe4 Bf6 18. c5 Qxb2 19. Rb1 Qxa2 20. Rh5 g6 21. Rxb7
Bg7 22. c6 d3 23. Be5 Qe2 24. Qa1 Qxe4 25. Bxg7 gxh5 26. Bh6 Qg6 27. Bxf8 Rxf8
28. c7 Bc8 29. Rb8 Qd6 30. Qd1 Qxc7 31. Qxh5 Qc1+ 32. Kg2 Qc6+ 33. Kg1 h6 34.
Qa5 Qc1+ 35. Kg2 d2 0-1

[Event "34th ECC Women 2018"]
[Site "Porto Carras GRE"]
[Date "2018.10.13"]
[Round "2.5"]
[Board "3"]
[White "Tsivelekidou, Anthoula Elpida"]
[Black "Khotenashvili, Bela"]
[Result "0-1"]
[BlackTitle "GM"]
[WhiteElo "1147"]
[BlackElo "2469"]
[WhiteTeam "AMO Galaxias Thessaloniki"]
[BlackTeam "Nona"]
[WhiteFideId "25823272"]
[BlackFideId "13602640"]
[EventDate "2018.10.12"]

1. d4 g6 2. c4 Bg7 3. Nc3 c5 4. Be3 Qa5 5. g3 Nh6 6. Nf3 Nf5 7. Qd2 Nxe3 8. Qxe3
cxd4 9. Nxd4 Nc6 10. Nb5 O-O 11. Bg2 Qb4 12. c5 Nd4 13. Nxd4 Bxd4 14. Qd2 Qxc5
15. e3 Bxc3 16. bxc3 d6 17. Rb1 Rb8 18. O-O b6 19. Qd4 Bf5 20. Rb2 Rfc8 21. Rc1
Rc7 22. Qxc5 Rxc5 23. Kf1 Rbc8 24. Rb3 Ra5 25. Rb2 Ra3 26. c4 Rxc4 27. Rxc4 Bd3+
28. Ke1 Bxc4 29. Rc2 d5 30. e4 e6 31. exd5 exd5 32. Kd2 Kf8 33. Rc3 Rxa2+ 34.
Ke3 Ke7 35. Bh3 Kd6 36. Kf3 b5 37. Re3 d4 38. Re1 Bd5+ 0-1

[Event "34th ECC Women 2018"]
[Site "Porto Carras GRE"]
[Date "2018.10.13"]
[Round "2.5"]
[Board "4"]
[White "Melia, Salome"]
[Black "Nikolaki, Dimitria"]
[Result "1-0"]
[WhiteTitle "IM"]
[WhiteElo "2387"]
[BlackElo "1327"]
[WhiteTeam "Nona"]
[BlackTeam "AMO Galaxias Thessaloniki"]
[WhiteFideId "13602446"]
[BlackFideId "4295374"]
[EventDate "2018.10.12"]

1. e4 c5 2. f4 Nc6 3. Nf3 e6 4. c3 Nge7 5. Bd3 d5 6. e5 c4 7. Bc2 Bd7 8. O-O Ng6
9. d4 Be7 10. Ng5 Bxg5 11. fxg5 Qe7 12. b3 cxb3 13. axb3 a6 14. Qg4 O-O-O 15.
Nd2 Rdf8 16. Ba3 Qd8 17. Bxf8 Rxf8 18. Kh1 Qe7 19. b4 Na7 20. Nb3 Nb5 21. Bd3
Bc6 22. Na5 Bd7 23. c4 dxc4 24. Be4 Kb8 25. Nxb7 Bc8 26. Na5 Bd7 27. Nxc4 Bc8
28. Nb6 Bb7 29. Na4 Bxe4 30. Qxe4 Qa7 31. Nc5 1-0

[Event "34th ECC Women 2018"]
[Site "Porto Carras GRE"]
[Date "2018.10.13"]
[Round "2.6"]
[Board "1"]
[White "Ovod, Evgenija"]
[Black "De Rosa, Mariagrazia"]
[Result "1-0"]
[WhiteTitle "IM"]
[BlackTitle "WFM"]
[WhiteElo "2363"]
[BlackElo "2131"]
[WhiteTeam "SSHOR"]
[BlackTeam "Caissa Italia Banca Alpi Marittime"]
[WhiteFideId "4131827"]
[BlackFideId "815136"]
[EventDate "2018.10.12"]

1. e4 c5 2. Nf3 d6 3. d4 cxd4 4. Nxd4 Nf6 5. Nc3 a6 6. f3 e6 7. Be3 b5 8. a4 b4
9. Na2 e5 10. Nb3 d5 11. exd5 Nxd5 12. Bf2 Be6 13. Bc4 Nc6 14. O-O Nf4 15. Bxe6
Nxe6 16. Qe2 Be7 17. c3 O-O 18. Qe4 Qc7 19. cxb4 Rab8 20. Rac1 Rfc8 21. Na5 Ned8
22. Rfd1 Bd6 23. Qd5 Bxb4 24. Nxc6 Nxc6 25. Nxb4 Rxb4 26. Rxc6 Qxc6 27. Qxc6 1-0

[Event "34th ECC Women 2018"]
[Site "Porto Carras GRE"]
[Date "2018.10.13"]
[Round "2.6"]
[Board "2"]
[White "Santeramo, Alessia"]
[Black "Belenkaya, Dina"]
[Result "0-1"]
[WhiteTitle "WFM"]
[BlackTitle "WGM"]
[WhiteElo "2054"]
[BlackElo "2329"]
[WhiteTeam "Caissa Italia Banca Alpi Marittime"]
[BlackTeam "SSHOR"]
[WhiteFideId "850810"]
[BlackFideId "24142654"]
[EventDate "2018.10.12"]

1. e4 c6 2. d4 d5 3. Nc3 dxe4 4. Nxe4 Bf5 5. Ng3 Bg6 6. h4 h6 7. Nf3 Nd7 8. h5
Bh7 9. Bd3 Bxd3 10. Qxd3 e6 11. Bd2 Ngf6 12. O-O-O Be7 13. Ne4 Nxe4 14. Qxe4 Nf6
15. Qd3 c5 16. Qb5+ Qd7 17. Qxd7+ Nxd7 18. Be3 c4 19. d5 e5 20. d6 Bd8 21. Rd5
f6 22. Nh4 Kf7 23. Rhd1 Bb6 24. Nf5 Rhd8 25. Bxb6 axb6 26. Kb1 Rac8 27. c3 Rc5
28. Rxc5 Nxc5 29. d7 Nd3 30. Nd6+ Ke7 31. Nxc4 Nxf2 32. Rd5 Rxd7 33. Nxb6 Rxd5
34. Nxd5+ Ke6 35. c4 Ne4 36. Kc2 Ng3 37. a4 Nxh5 38. a5 Kd6 39. b4 Ng3 40. Kd3
f5 41. b5 Ne4 42. Nb4 Nc5+ 43. Kc3 f4 44. a6 bxa6 45. bxa6 Kc7 46. Nd5+ Kc6 47.
Ne7+ Kb6 48. a7 Kb7 49. Nc6 e4 50. Kd4 e3 51. Ne5 Na4 52. Kd3 Kxa7 53. Ng6 Nc5+
54. Ke2 Ne6 55. g3 Nd4+ 56. Kd3 e2 0-1

[Event "34th ECC Women 2018"]
[Site "Porto Carras GRE"]
[Date "2018.10.13"]
[Round "2.6"]
[Board "3"]
[White "Balaian, Alina"]
[Black "Guerini, Silvia jr"]
[Result "1-0"]
[WhiteTitle "WIM"]
[WhiteElo "2238"]
[BlackElo "1977"]
[WhiteTeam "SSHOR"]
[BlackTeam "Caissa Italia Banca Alpi Marittime"]
[WhiteFideId "24115347"]
[BlackFideId "852520"]
[EventDate "2018.10.12"]

1. e4 c5 2. Nf3 e6 3. d4 cxd4 4. Nxd4 Nf6 5. Nc3 d6 6. g4 h6 7. Be3 Nc6 8. h3 a6
9. Bg2 Qc7 10. Qe2 Be7 11. f4 Na5 12. Rd1 Nc4 13. Bc1 Bd7 14. O-O Nh7 15. b3 Na5
16. Bb2 Nc6 17. Qe3 Nf6 18. Nce2 Rg8 19. c4 Nxd4 20. Nxd4 Bc6 21. g5 Nd7 22. g6
Nf8 23. gxf7+ Kxf7 24. Nxc6 bxc6 25. e5 d5 26. f5 Rd8 27. fxe6+ Kxe6 28. Qd4 Bg5
29. cxd5+ 1-0

[Event "34th ECC Women 2018"]
[Site "Porto Carras GRE"]
[Date "2018.10.14"]
[Round "3.2"]
[Board "2"]
[White "Zimina, Olga"]
[Black "Santeramo, Alessia"]
[Result "1/2-1/2"]
[WhiteTitle "IM"]
[BlackTitle "WFM"]
[WhiteElo "2431"]
[BlackElo "2054"]
[WhiteTeam "Caissa Italia Pentole Agnelli"]
[BlackTeam "Caissa Italia Banca Alpi Marittime"]
[WhiteFideId "4132190"]
[BlackFideId "850810"]
[EventDate "2018.10.12"]

1. Nf3 Nf6 2. c4 e6 3. g3 d5 4. b3 b6 5. Bg2 Bb7 6. O-O Be7 7. Bb2 O-O 8. e3
Nbd7 9. Nc3 c5 10. Qe2 Qc7 11. Rac1 Rac8 12. cxd5 Nxd5 13. Nxd5 Bxd5 14. e4 Bb7
15. d4 Qb8 16. Rfd1 cxd4 17. Nxd4 Rxc1 18. Bxc1 Rd8 19. Bf4 e5 20. Nf5 exf4 21.
Nxe7+ Kf8 22. Nd5 fxg3 23. hxg3 Nf6 24. Nxf6 gxf6 25. Rc1 Qe5 26. Qe3 Kg7 27.
Qf4 Qxf4 28. gxf4 Rd7 29. f3 Ba6 30. Rc2 Rd1+ 31. Kf2 Bd3 32. Rb2 a5 33. Ke3 Bf1
34. Bxf1 Rxf1 35. Rg2+ Kf8 36. Rc2 Ra1 37. f5 h5 38. Kf4 Kg7 39. Kg3 Rg1+ 40.
Kf4 Ra1 41. Rg2+ Kf8 42. e5 Ke7 43. exf6+ Kxf6 44. Rc2 Kg7 45. Kg5 f6+ 46. Kxh5
Rh1+ 47. Kg4 Rg1+ 48. Kf4 Ra1 49. Rc7+ Kg8 50. Rc6 Rxa2 51. Rxf6 b5 52. Rb6 b4
53. Rb7 Rb2 54. Kg5 Rg2+ 55. Kf6 Rg3 56. Rb8+ Kh7 57. Rb7+ Kg8 58. Ra7 Rxf3 59.
Rxa5 Rxb3 60. Rb5 Rb1 61. Kg6 Rg1+ 62. Kf6 Rb1 63. Rb8+ Kh7 64. Kf7 Ra1 65. Rxb4
Ra7+ 66. Kf6 Ra6+ 67. Kg5 Kg8 68. Rb7 Rc6 69. Re7 Kf8 70. Rd7 Ra6 71. Kf4 Rb6
72. Ke5 Ra6 73. Rh7 Rb6 74. Ra7 Rc6 75. Kf4 Rb6 76. Kg5 Rc6 77. f6 Rc1 1/2-1/2

[Event "34th ECC Women 2018"]
[Site "Porto Carras GRE"]
[Date "2018.10.14"]
[Round "3.2"]
[Board "3"]
[White "Guerini, Silvia jr"]
[Black "Tsolakidou, Stavroula"]
[Result "0-1"]
[BlackTitle "IM"]
[WhiteElo "1977"]
[BlackElo "2393"]
[WhiteTeam "Caissa Italia Banca Alpi Marittime"]
[BlackTeam "Caissa Italia Pentole Agnelli"]
[WhiteFideId "852520"]
[BlackFideId "4264312"]
[EventDate "2018.10.12"]

1. e4 c5 2. Nf3 d6 3. d4 cxd4 4. Nxd4 Nf6 5. Nc3 a6 6. Bc4 e6 7. O-O b5 8. Bb3
Be7 9. Qf3 Qc7 10. Qg3 O-O 11. Bh6 Ne8 12. Rad1 Bf6 13. Nce2 Nc6 14. Kh1 Na5 15.
f4 Nxb3 16. cxb3 Bb7 17. Rc1 Qb8 18. f5 e5 19. Nc6 Bxc6 20. Rxc6 b4 21. Rd1 Kh8
22. Be3 Qb7 23. Rdc1 Qb5 24. Qf3 d5 25. Bc5 Qxc6 26. Bxf8 dxe4 27. Rxc6 exf3 28.
gxf3 a5 29. Ng3 e4 30. fxe4 Bxb2 31. Bc5 Nf6 32. Kg2 g6 33. Kf3 Nd7 34. Rc7 Ne5+
35. Kg2 Kg7 36. Bb6 Ra6 37. Be3 Ng4 38. Bf4 a4 39. Rb7 axb3 40. axb3 Ra2 41. Ne2
Be5 42. Bxe5+ Nxe5 43. Kf1 Nd3 44. fxg6 hxg6 45. h3 Rb2 46. Nd4 Kf6 47. Rb5 Rf2+
48. Kg1 Rf4 49. Rb6+ Kg7 50. Nc2 Rxe4 51. Kf1 g5 52. Rb5 Kg6 53. Rb6+ f6 54. Rd6
Rf4+ 55. Kg1 Nc1 56. Rb6 Na2 57. Ra6 Nc1 58. Rb6 Nd3 59. Rd6 Ne5 60. Rb6 Rh4 61.
Nxb4 Rxh3 62. Nd5 Ng4 63. b4 Rg3+ 64. Kf1 Ne3+ 65. Nxe3 Rxe3 66. b5 Rb3 67. Kg2
Kf5 68. Rb8 Kf4 69. b6 f5 70. b7 g4 71. Kf2 Rb2+ 72. Kg1 g3 73. Kf1 Kf3 0-1

[Event "34th ECC Women 2018"]
[Site "Porto Carras GRE"]
[Date "2018.10.14"]
[Round "3.3"]
[Board "1"]
[White "Mammadzada, Gunay"]
[Black "Bodnaruk, Anastasia"]
[Result "1/2-1/2"]
[WhiteTitle "IM"]
[BlackTitle "IM"]
[WhiteElo "2438"]
[BlackElo "2423"]
[WhiteTeam "Odlar Yurdu"]
[BlackTeam "SSHOR"]
[WhiteFideId "13403729"]
[BlackFideId "4181751"]
[EventDate "2018.10.12"]

1. e4 c5 2. Nf3 d6 3. d4 cxd4 4. Nxd4 Nf6 5. Nc3 Nc6 6. f3 e5 7. Nb3 Be7 8. Be3
O-O 9. Qd2 Be6 10. Rd1 a5 11. Bb5 Na7 12. Bd3 Nc8 13. O-O a4 14. Nc1 a3 15. b3
Qa5 16. Nb5 d5 17. Qxa5 Rxa5 18. Bd2 Rxb5 19. Bxb5 dxe4 20. c4 Bc5+ 21. Kh1 exf3
22. gxf3 Bh3 23. Rfe1 e4 24. b4 Bf2 25. Re2 Ba7 26. c5 exf3 27. Re3 Bg2+ 28. Kg1
Ng4 29. Re4 f5 30. Rd4 Bb8 31. Bc4+ Kh8 32. Bf4 Bxf4 33. Rxf4 Ne7 34. Nd3 g5 35.
Rd4 Ne3 36. Rc1 f4 37. b5 Ng6 38. Be6 g4 39. c6 bxc6 40. bxc6 g3 41. c7 Ne5 42.
Nf2 gxf2+ 43. Kxf2 N5g4+ 44. Bxg4 Nxg4+ 45. Kg1 Bh3 46. Rxf4 f2+ 47. Kh1 Rc8 48.
Rd4 Ne3 1/2-1/2

[Event "34th ECC Women 2018"]
[Site "Porto Carras GRE"]
[Date "2018.10.14"]
[Round "3.5"]
[Board "2"]
[White "Klinova, Masha"]
[Black "Osmak, Iulija"]
[Result "0-1"]
[WhiteTitle "IM"]
[BlackTitle "IM"]
[WhiteElo "2288"]
[BlackElo "2405"]
[WhiteTeam "Beer Sheva Chess Club"]
[BlackTeam "Kyiv Chess federation"]
[WhiteFideId "2802015"]
[BlackFideId "14101602"]
[EventDate "2018.10.12"]

1. e4 e6 2. d3 d5 3. Nd2 Nf6 4. Ngf3 g6 5. g3 Bg7 6. Bg2 c5 7. O-O O-O 8. Re1
Nc6 9. Qe2 a5 10. Nf1 a4 11. e5 Ng4 12. Bf4 a3 13. c3 axb2 14. Qxb2 f6 15. exf6
Qxf6 16. h3 Qxc3 17. Qxc3 Bxc3 18. hxg4 Nb4 19. Rac1 Bxe1 20. Nxe1 b6 21. Bc7
Nxa2 22. Ra1 Ra6 23. Bxb6 Rxb6 24. Rxa2 Ba6 25. Nd2 Kf7 26. Rc2 Rc8 27. Nef3 Ke7
28. Ne5 g5 29. Bf1 Rc7 30. f4 gxf4 31. gxf4 Rb4 32. Ra2 Bc8 33. Kg2 Rxf4 34. Be2
Kd6 35. Ndf3 Rb4 36. Kf2 Bb7 37. Kg3 Rg7 38. Kf2 Rg8 39. Nf7+ Kc7 40. N7e5 Rg7
41. Rc2 Kb6 42. Ra2 Ba6 43. Rc2 Bb5 44. Ra2 Rg8 45. Ra1 Rb2 46. Rh1 c4 47. dxc4
dxc4 48. Rc1 Rc8 49. Nd4 Rc5 50. Nxb5 Rxe2+ 51. Kxe2 Rxe5+ 52. Kd2 Kxb5 53. Rh1
Rd5+ 54. Kc2 Rg5 55. Rxh7 Rxg4 56. Re7 Re4 57. Kc3 Kc5 58. Rc7+ Kd5 59. Rd7+ Ke5
60. Rf7 Rd4 61. Rh7 Rf4 62. Rh5+ Kd6 63. Rh8 Rg4 64. Rd8+ Ke5 65. Rf8 Rh4 66.
Re8 Rf4 67. Re7 Kf6 68. Re8 e5 69. Rc8 Rd4 70. Rf8+ Ke6 71. Rh8 Kd5 72. Rd8+ Ke4
73. Re8 Rd7 74. Rh8 Ra7 75. Re8 Ra1 76. Re7 Rd1 77. Re8 Kf4 78. Kxc4 e4 79. Kc3
e3 80. Kc2 Rd7 81. Rf8+ Kg3 82. Re8 Kf2 83. Rf8+ Ke1 84. Re8 e2 85. Rc8 Re7 86.
Ra8 Kf2 87. Rf8+ Ke3 0-1

[Event "34th ECC Women 2018"]
[Site "Porto Carras GRE"]
[Date "2018.10.14"]
[Round "3.6"]
[Board "1"]
[White "Injac, Teodora"]
[Black "Muzychuk, Anna"]
[Result "0-1"]
[WhiteTitle "WIM"]
[BlackTitle "GM"]
[WhiteElo "2258"]
[BlackElo "2555"]
[WhiteTeam "ZSK Maribor"]
[BlackTeam "Cercle d'Echecs de Monte-Carlo"]
[WhiteFideId "932400"]
[BlackFideId "14111330"]
[EventDate "2018.10.12"]

1. d4 Nf6 2. Nf3 g6 3. c4 Bg7 4. Nc3 d5 5. e3 O-O 6. Bd2 e6 7. Bd3 dxc4 8. Bxc4
b6 9. O-O Bb7 10. Qe2 Nbd7 11. e4 c5 12. dxc5 Nxc5 13. Rad1 Nfxe4 14. Nxe4 Bxe4
15. Bf4 Qf6 16. Bd6 Rfc8 17. b4 Bxf3 18. Qxf3 Qxf3 19. gxf3 Na4 20. Ba6 Rc2 21.
a3 Nc3 22. Rc1 Ra2 23. Kg2 Rd8 24. Be7 Rd7 25. Bg5 Rxa3 26. b5 h6 27. Be3 Rb3
28. Bc8 Rd3 29. Ba6 Rb2 30. Kh3 Kh7 31. Rfe1 g5 32. Kg2 f5 33. f4 Nd5 0-1